=LDR 00000nam 2200000 4500 =001 INLIS000000000040006 =005 20130612145610 =008 ***********************************Ind** =035 ##$$0010-061300000040006 =041 ##$$a Ind =082 ##$$a 636.2 =090 ##$$a 636.2, Sya b.3 =100 ##$$a Harianto,Bagus =245 ##$$a Buku Pinta Beternak =260 ##$$a 2011 $b Jakarta =300 ##$$a vi + 150 hlm, ilus, 19 x 24 cm =700 ##$$a Erif Kemal Syarif =850 ##$$a NBPNMAT